15 steps out: (Record no. 5736)

MARC details
000 -LEADER
fixed length control field 00655nam a22002297a 4500
003 - CONTROL NUMBER IDENTIFIER
control field GBCCL
005 - DATE AND TIME OF LATEST TRANSACTION
control field 20241126110549.0
008 - FIXED-LENGTH DATA ELEMENTS--GENERAL INFORMATION
fixed length control field 740117|1969||||||| |||||||eng|u
035 ## - SYSTEM CONTROL NUMBER
System control number OCM00777946 821217
040 ## - CATALOGING SOURCE
Transcribing agency gbc
049 ## -
-- LBBK
082 ## - DEWEY DECIMAL CLASSIFICATION NUMBER
Classification number 223.2007
Item number MUM
092 ## - LOCALLY ASSIGNED DEWEY CALL NUMBER (OCLC)
Classification number 248
Item number M962f
092 ## - LOCALLY ASSIGNED DEWEY CALL NUMBER (OCLC)
Classification number 223.2
Item number M962
100 10 - MAIN ENTRY--PERSONAL NAME
Personal name Mumford, Bob
9 (RLIN) 10359
245 1# - TITLE STATEMENT
Title 15 steps out:
Remainder of title A study of subjective Christianity; A testimony of a spiritual Itinerary /
Statement of responsibility, etc. Bob Mumford
250 ## - EDITION STATEMENT
Edition statement 3rd Printing
260 0# - PUBLICATION, DISTRIBUTION, ETC.
Place of publication, distribution, etc. New Jersey:
Name of publisher, distributor, etc. Logos International
Date of publication, distribution, etc. 1970
300 ## - PHYSICAL DESCRIPTION
Extent 90 p.;
Dimensions 22 cm.
650 ## - SUBJECT ADDED ENTRY--TOPICAL TERM
Topical term or geographic name entry element Bible
Form subdivision Psalms
General subdivision Study
9 (RLIN) 10360
942 ## - ADDED ENTRY ELEMENTS (KOHA)
Source of classification or shelving scheme Dewey Decimal Classification
Koha item type Books
Koha issues (borrowed), all copies 2
Holdings
Withdrawn status Lost status Source of classification or shelving scheme Damaged status Not for loan Home library Current Library Shelving location Date acquired Total checkouts Full call number Barcode Date last seen Date last checked out Copy number Price effective from Koha item type
    Dewey Decimal Classification     GRACE BIBLE COLLEGE GRACE BIBLE COLLEGE Biblical Studies 2018-04-05 1 223.2007 MUM 001811 2025-05-01 2020-03-02 c.1 2018-04-05 Books
    Dewey Decimal Classification     GRACE BIBLE COLLEGE GRACE BIBLE COLLEGE Biblical Studies 2018-04-18 1 223.2007 MUM 001820 2025-05-01 2020-03-13 c.2 2018-04-18 Books
© Grace Bible College Library 2025